LEADER 01446nam a2200265 i 4500 001 000000138011 003 CaOOAMICUS 005 20100805000000.0 008 100805s1966 it u000 u ita u 013 $a111906 040 $aSeMil$bita 100 1 $aSudre, René.$0(OLS)http://semarc/name/55927 240 10$aTraité de parapsychologie.$0(OLS)http://semarc/title/201703 245 10$aTrattato di parapsicologia :$bsaggio d'interpretazione scientifica dei fenomeni umani, detti meravigliosi : loro integrazione nella biologia generale e nella filosofia dell'evoluzione /$cRené Sudre ; [trad. di Adriana Carini]. 260 $aRoma :$bAstrolabio,$c1966. 300 $a403 p. ;$c22 cm. 490 0 $aPsiche e coscienza : collana di testi e documenti per lo studio della psicologia del profondo 650 4$aParapsicologia - Manuali.$0(OLS)http://semarc/subject/20948 700 1 $aCarini, Adriana.$0(OLS)http://semarc/name/55928 830 0$aPsiche e coscienza.$0(OLS)http://semarc/title/7985 850 $aSeMil 852 $aSeMil$W1$xVenegono$y1$m2O III 359$j91522$B91522$CSeMilBibl$Z2$F114974 $81 961 $aRecupero: Altro 996 $6245$aTrattato di parapsicologia :$bsaggio d'interpretazione scientifica dei fenomeni umani, detti meravigliosi : loro integrazione nella biologia generale e nella filosofia dell'evoluzione$9(OLS)http://semarc/title/201702 996 $6260$aRoma :$bAstrolabio$9(OLS)http://semarc/publisher/31592 LEADER 00905nam a2200229 i 4500 001 000000160796 003 CaOOAMICUS 005 20070413000000.0 008 070413s1977 it u000 u ita u 013 $a138159 040 $aSeMil$bita 100 1 $aSpera, Francesco.$0(OLS)http://semarc/name/20122 245 13$aUn'idea di realtà :$bil verismo come poetica sociale /$cFrancesco Spera. 260 $a[Genova] :$bMarietti,$cCopyr. 1977. 300 $a221 p. ;$c21 cm. 490 0 $aLetteratura & altro 830 0$aLetteratura & altro.$0(OLS)http://semarc/title/23267 850 $aSeMil 852 $aSeMil$W1$xVenegono$y1$m1B II 154$j112247$B112247$CSeMilBibl$Z2$F122461 $81 961 $aOmaggio: Pontiggia don Virginio 996 $6245$aUn'idea di realtà :$bil verismo come poetica sociale$9(OLS)http://semarc/title/143629 996 $6260$a[Genova] :$bMarietti$9(OLS)http://semarc/publisher/30011